| 000 | 00573nam a2200169 i 4500 | ||
|---|---|---|---|
| 001 | 63579 | ||
| 003 | ES-MaACL | ||
| 005 | 20230906164921.0 | ||
| 007 | t| | ||
| 008 | 031212s1941 sp ||||1| spa d | ||
| 100 | 1 |
_aFerrio, Luigi. _950586 |
|
| 245 | 1 | 0 |
_aDiagnóstico clínico de las enfermedades internas / _cpor Luis Ferrio ; traducción de la 3ª edición italiana de M. Montaner de la Poza. |
| 260 |
_aBarcelona : _bPubul, _c1941 ( _fGráficas Marco) |
||
| 300 |
_a4 v. ; _c28 cm. |
||
| 700 | 1 |
_aMontaner de la Poza, M. _982378 |
|
| 852 |
_aES-MaACL _jE-135-38 _bR.20790 |
||
| 999 |
_c63579 _d63579 |
||